| 000 -CABECERA |
| Longitud fija campo de control |
00419nam a2200169 a 4500 |
| 001 - NÚMERO DE CONTROL |
| Número de control |
5844 |
| 003 - IDENTIFICADOR DEL NÚMERO DE CONTROL |
| Identificador del número de control |
CDMR |
| 005 - FECHA Y HORA DE LA ÚLTIMA TRANSACCIÓN |
| Fecha y hora de la última transacción |
20131025124842.0 |
| 008 - CÓDIGOS DE INFORMACIÓN DE LONGITUD FIJA |
| Códigos de información de longitud fija |
130220s2006||||||||||||||||||||||||||||d |
| 040 ## - FUENTE DE LA CATALOGACIÓN |
| Centro catalogador de origen |
CDMR |
| Lengua de catalogación |
cat |
| Centro transcriptor |
CDMR |
| 100 1# - PUNTO DE ACCESO PRINCIPAL-NOMBRE DE PERSONA |
| Nombre de persona |
Barea, Arturo |
| 9 (RLIN) |
2869 |
| 245 13 - MENCIÓN DE TÍTULO |
| Título |
La llama |
| Mención de responsabilidad, etc. |
Arturo Barea |
| 260 ## - PUBLICACIÓN, DISTRIBUCIÓN, ETC. (PIE DE IMPRENTA) |
| Lugar de publicación, distribución, etc. |
Barcelona |
| Nombre del editor, distribuidor, etc. |
Debolsillo |
| Fecha de publicación, distribución, etc. |
2006 |
| 300 ## - DESCRIPCIÓN FÍSICA |
| Extensión |
491 p. ; |
| Dimensiones |
19 cm |
| 490 0# - MENCIÓN DE SERIE |
| Mención de serie |
La forja de un rebelde |
| Designación de volumen o secuencia |
3 |
| 942 ## - ENTRADA DE ELEMENTOS AGREGADOS (KOHA) |
| Koha [por defecto] tipo de item |
Monografies |
| Fuente de clasificaión o esquema |
|